Teorija šejpov
Enregistré dans:
| Auteur principal: | |
|---|---|
| Format: | Livre |
| Langue: | russe |
| Publié: |
Moskva :
Mir,
1976
|
| Édition: | Z angl. orig. Ju.M.Smirnov |
| Tags: |
Pas de tags, Soyez le premier à ajouter un tag!
|
MARC
| LEADER | 00000nam a22000003a 4500 | ||
|---|---|---|---|
| 001 | stu201244 | ||
| 005 | 20150617230107.8 | ||
| 008 | 100319s1976----xxr-----------------rus-d | ||
| 040 | |a STU |b slo | ||
| 041 | 0 | |a rus | |
| 044 | |a xxr | ||
| 080 | |a 513.83 | ||
| 100 | 1 | |a Borsuk, K. |4 aut | |
| 245 | 1 | |a Teorija šejpov | |
| 250 | |a Z angl. orig. Ju.M.Smirnov | ||
| 260 | |a Moskva : |b Mir, |c 1976 | ||
| 300 | |a 187 s | ||
| 996 | |b E39094 |c E*39094 |l EE03 |s P |a 0 |w stu201244_0002 | ||